| 000 | 00669nam a2200217Ia 4500 | ||
|---|---|---|---|
| 999 |
_c41081 _d41081 |
||
| 001 | 7730 | ||
| 003 | GE_BSU | ||
| 005 | 20220923105226.0 | ||
| 008 | 181216s2012ge xx |||||||||||||| ||geo|| | ||
| 020 | _a9781118122303 (e-bk). | ||
| 040 | _cGE_BSU | ||
| 041 | _ageo | ||
| 080 | _a711.011 G-53 | ||
| 100 |
_aGIBBS,ROBERT J. _914714 |
||
| 245 |
_aPRINCIPLES OF URBAN RETAIL : _bPLANNING AND DEVELOPMENT / _cROBERT J. GIBBS |
||
| 264 |
_aAmerica : _bWILEY, _c2012. |
||
| 300 |
_a227 p; _b24 cm. |
||
| 653 | _aRINCIPLES OF URBAN RETAIL. | ||
| 653 | _aურბანული საცალო ვაჭრობის პრინციპები. | ||
| 942 |
_cBK _2udc |
||